000
00274nam a22001097a 4500
082
_a
920/DAS
100
_a
Das, Dr.Asitabha
_9
83290
245
_a
The Collected work Of Freedom Fighter RASH BEHARI BOSE
260
_a
kolkata
_b
Alpana
_c
2023
650
_a
Biography
942
_c
BK
999
_c
68138
_d
68138